| 000 | 00561nam a2200193Ia 4500 | ||
|---|---|---|---|
| 003 | GCL | ||
| 008 | 140319s9999 xx 000 0 ara d | ||
| 040 |
_aGCL / _cGCL |
||
| 082 | 0 | 4 |
_a811.008023 _bم ح |
| 100 | 1 | _aميشال سليمان | |
| 245 | 1 | 0 |
_aالحلم والعنقاء. شعر / _cميشال سليمان |
| 260 |
_a[S.N] : _bالمؤسسة الحديثة للكتاب ، _c1981 |
||
| 300 | _a79 ص | ||
| 490 | _a | ||
| 650 | 0 | 4 | _aالشعر الاندلسى |
| 650 | 0 | 4 | _aالشعر |
| 650 | 0 | 4 | _aالشعر الفلسفى |
| 942 |
_2ddc _cBK |
||
| 999 |
_c33000 _d33000 |
||